[Event "It Linares ESP"]
[Site "?"]
[Date "1997.??.??"]
[Round "4"]
[White "Piket, Je"]
[Black "Kasparov, G."]
[Result "1/2-1/2"]
[WhiteElo "2640"]
[BlackElo "2795"]
[PlyCount "90"]
[EventDate "1997.??.??"]
[Source "www.chesslib.no"]
[SourceDate "2004.05.04"]

1. d4 Nf6 2. c4 g6 3. Nc3 Bg7 4. e4 d6 5. Nf3 O-O 6. Be2 e5 7. O-O Nc6 8. d5 Ne7 9. Ne1 Nd7 10. Be3 f5 11. f3 f4 12. Bf2 g5 13. Rc1 Ng6 14. c5 Nxc5 15. b4 Na6 16. Nd3 h5 17. Nb5 Bd7 18. a4 Bh6 19. Rc3 b6 20. Be1 Rf7 21. Nf2 Nh4 22. Nxd6 cxd6 23. Bxa6 Qe8 24. Qe2 g4 25. fxg4 Rg7 26. h3 Qg6 27. Bb5 Bxb5 28. axb5 Rf8 29. Nd1 hxg4 30. Bxh4 f3 31. Qc2 gxh3 32. g3 Rf4 33. Ne3 Rxe4 34. Nf5 Qxf5 35. Rcxf3 Qg4 36. Kh1 Rf4 37. R3f2 Rxf2 38. Rxf2 e4 39. Rf6 e3 40. Re6 Rc7 41. Rg6+ Bg7 42. Rxg4 Rxc2 43. Bf6 Kf7 44. Bxg7 e2 45. Re4 Kxg7 1/2-1/2

[Event "Linares"]
[Site "?"]
[Date "1990.??.??"]
[Round "?"]
[White "Gelfand, B."]
[Black "Kasparov, Garry"]
[Result "1/2-1/2"]
[WhiteElo "2615"]
[BlackElo "2800"]
[PlyCount "89"]
[EventDate "1990.??.??"]
[Source "ChessBase"]
[SourceDate "1990.01.01"]

1. d4 Nf6 2. c4 g6 3. Nc3 Bg7 4. e4 d6 5. Be2 O-O 6. Nf3 e5 7. O-O Nc6 8. d5 Ne7 9. Ne1 Nd7 10. Nd3 f5 11. Bd2 Nf6 12. f3 Kh8 13. Rc1 c5 14. g4 a6 15. Nf2 h6 16. h4 fxg4 17. fxg4 Neg8 18. Kg2 Nh7 19. Rh1 Bf6 20. g5 hxg5 21. h5 Qe8 22. b4 cxb4 23. Na4 Bd8 24. Bxb4 Bd7 25. hxg6 Qxg6 26. c5 g4 27. c6 g3 28. Nd3 bxc6 29. dxc6 Rc8 30. Bf3 Rxf3 31. Qxf3 Bg4 32. Qxg3 Qxe4+ 33. Kg1 Ngf6 34. Bxd6 Qd4+ 35. Nf2 Qxd6 36. Nxg4 Qd4+ 37. Nf2 Qxa4 38. Qxe5 Rc7 39. Rh2 Rg7+ 40. Rg2 Bc7 41. Qf5 Qxa2 42. Qc8+ Qg8 43. Qxg8+ Kxg8 44. Rxg7+ Kxg7 45. Nd3 1/2-1/2

[Event "Corr"]
[Site "?"]
[Date "1996.11.01"]
[Round "?"]
[White "Van Oosterom Joop"]
[Black "Timmerman Gert Jan"]
[Result "0-1"]
[WhiteElo "2655"]
[BlackElo "2725"]
[PlyCount "128"]
[EventDate "1996.??.??"]
[Source "www.chesslib.no"]
[SourceDate "2004.05.04"]

1. d4 Nf6 2. c4 g6 3. Nc3 Bg7 4. e4 d6 5. Nf3 O-O 6. Be2 e5 7. O-O Nc6 8. d5 Ne7 9. Ne1 Nd7 10. Be3 f5 11. f3 f4 12. Bf2 g5 13. a4 a5 14. Nd3 b6 15. b4 axb4 16. Nxb4 Nf6 17. Nc6 Nxc6 18. dxc6 Qe8 19. Nd5 Rf7 20. a5 bxa5 21. Qa4 g4 22. Qb5 Nxd5 23. cxd5 g3 24. hxg3 fxg3 25. Bxg3 Bh6 26. Kf2 Qe7 27. Rh1 Qg5 28. Rxh6 Qxh6 29. Rxa5 Rxa5 30. Qxa5 Kh8 31. Qa3 Qg6 32. Qa8 Rf8 33. Bh4 Qh6 34. g3 Bf5 35. Qa4 Bg6 36. Qc2 Kg8 37. Bd3 Bh5 38. Be2 Bg6 39. Bd3 Rb8 40. Be2 Qf8 41. Bg5 Rb4 42. Kg2 Qb8 43. Bh6 Rb2 44. Qc4 Qa7 45. Bc1 Ra2 46. Be3 Qa5 47. Bh6 Kf7 48. g4 Ra1 49. Bf1 Qa7 50. Qd3 Ra3 51. Qc4 Ra2+ 52. Be2 Qa5 53. Bc1 Kg7 54. Kf2 Ra1 55. Bf1 Qb6+ 56. Be3 Qb1 57. Kg2 h5 58. gxh5 Bxh5 59. Bf2 Kf7 60. Qd3 Qxf1+ 61. Qxf1 Rxf1 62. Kxf1 Bxf3 63. Be1 Ke8 64. Ba5 Kd8 0-1

[Event "Horgen"]
[Site "?"]
[Date "1994.??.??"]
[Round "?"]
[White "Kortchnoi, V."]
[Black "Shirov, A."]
[Result "1/2-1/2"]
[WhiteElo "2615"]
[BlackElo "2740"]
[PlyCount "89"]
[EventDate "1994.??.??"]
[Source "ChessBase"]
[SourceDate "1994.06.01"]

1. c4 Nf6 2. Nc3 g6 3. e4 d6 4. d4 Bg7 5. Be2 O-O 6. Nf3 e5 7. O-O Nc6 8. d5 Ne7 9. Ne1 Nd7 10. Be3 f5 11. f3 f4 12. Bf2 g5 13. a4 Ng6 14. a5 Kh8 15. Nd3 Rg8 16. c5 Bf8 17. c6 bxc6 18. Nb4 Ne7 19. Nxc6 Nxc6 20. dxc6 Nf6 21. Nd5 Be6 22. b4 h5 23. b5 Bh6 24. b6 axb6 25. axb6 Rxa1 26. Qxa1 Bxd5 27. exd5 cxb6 28. Rb1 g4 29. Bxb6 Qc8 30. c7 Nxd5 31. Ba6 Qd7 32. c8=Q Rxc8 33. Bxc8 Qxc8 34. Ba7 Kg7 35. Qb2 Kf6 36. Rd1 Qc6 37. Qd2 Ke6 38. Qa2 Qb5 39. h3 gxh3 40. gxh3 Bg5 41. Bf2 Bf6 42. Kg2 Be7 43. Rd2 Bf6 44. Rb2 Qd3 45. Rd2 1/2-1/2

[Event "Tournament (computers)"]
[Site "Internet"]
[Date "2008.01.26"]
[Round "3"]
[White "Computer \"]
[Black "Computer \"]
[Result "1-0"]
[WhiteElo "2765"]
[BlackElo "2577"]
[PlyCount "119"]
[EventDate "2008.??.??"]
[Source "www.chesslib.no"]
[SourceDate "2004.05.04"]

1. d4 Nf6 2. c4 g6 3. Nc3 Bg7 4. Nf3 d6 5. e4 O-O 6. Be2 e5 7. O-O Nc6 8. d5 Ne7 9. Ne1 Nd7 10. Be3 f5 11. f3 f4 12. Bf2 g5 13. Rc1 Ng6 14. c5 Nxc5 15. b4 Na6 16. Nd3 Rf7 17. Nb5 Bd7 18. a4 Qe8 19. Nb2 Qb8 20. Qd2 Rf8 21. Qc3 Rd8 22. Nxc7 Nxc7 23. Qxc7 Bf6 24. b5 h5 25. h3 b6 26. Qc3 g4 27. hxg4 hxg4 28. fxg4 Bg5 29. Nc4 f3 30. Bxf3 Bxc1 31. Rxc1 Be8 32. Be3 Qb7 33. Bg5 Rd7 34. Qb4 Qb8 35. g3 Nh8 36. Be3 Bg6 37. g5 Nf7 38. Bg4 Rd8 39. Bf5 Kg7 40. Nd2 Qb7 41. Rc6 Bh5 42. Qc3 Qe7 43. Rc7 Qf8 44. Nf3 Bxf3 45. g6 Rdc8 46. Bh6+ Kxh6 47. Qe3+ Kg7 48. Rxf7+ Qxf7 49. gxf7 Kxf7 50. Qg5 Rc1+ 51. Kf2 Kf8 52. Be6 Bh5 53. Qxh5 Rc2+ 54. Kf3 Rc3+ 55. Kg4 Rxg3+ 56. Kxg3 Kg7 57. Qg5+ Kh7 58. Bf5+ Kh8 59. Qh6+ Kg8 60. Be6# 1-0

[Event "7, cm qf"]
[Site "7, Alma Ata cm qf"]
[Date "1980.??.??"]
[Round "?"]
[White "Polugaevsky, Lev A"]
[Black "Tal, Mikhail N"]
[Result "1-0"]
[WhiteElo "2635"]
[BlackElo "2705"]
[PlyCount "80"]
[EventDate "1980.??.??"]
[Source "www.chesslib.no"]
[SourceDate "2004.05.04"]

1. Nf3 Nf6 2. c4 g6 3. Nc3 Bg7 4. e4 d6 5. d4 O-O 6. Be2 e5 7. O-O Nc6 8. d5 Ne7 9. Ne1 Nd7 10. Nd3 f5 11. Bd2 Nf6 12. f3 f4 13. c5 g5 14. Rc1 Ng6 15. cxd6 cxd6 16. Nb5 Rf7 17. Qc2 Ne8 18. a4 h5 19. Nf2 Bf8 20. h3 Rg7 21. a5 Bd7 22. Qb3 Nh4 23. Be1 Be7 24. Rc2 Kh7 25. Rc3 Kh8 26. Qd1 a6 27. Na3 Qxa5 28. Rc8 Qxe1 29. Rxa8 Qb4 30. Nc4 Qc5 31. Qd2 b5 32. b4 Qc7 33. Na5 Qb6 34. Nc6 Rg8 35. Ra1 Bxc6 36. dxc6 Qxc6 37. R1xa6 Qd7 38. R6a7 Qc6 39. Qd5 Qc1+ 40. Bf1 g4 1-0

[Event "Corr"]
[Site "?"]
[Date "2000.11.01"]
[Round "?"]
[White "Morgado Juan Sebastian"]
[Black "Alvarez Roberto Gabriel"]
[Result "1/2-1/2"]
[WhiteElo "2696"]
[BlackElo "2563"]
[PlyCount "65"]
[EventDate "2000.??.??"]
[Source "www.chesslib.no"]
[SourceDate "2004.05.04"]

1. Nf3 d6 2. d4 g6 3. c4 Bg7 4. Nc3 Nf6 5. e4 O-O 6. Be2 e5 7. O-O Nc6 8. d5 Ne7 9. Ne1 Nd7 10. Nd3 f5 11. Bd2 Nf6 12. f3 Kh8 13. Rc1 c5 14. g4 a6 15. Nf2 h6 16. h4 fxg4 17. fxg4 Nh7 18. Kg2 Ng8 19. Rh1 Bf6 20. g5 hxg5 21. h5 Qe8 22. Rh2 Bd8 23. hxg6 Qxg6 24. Bg4 Ba5 25. Qe2 Bxg4 26. Nxg4 Kg7 27. Rch1 Nhf6 28. Ne3 Ne7 29. Qd3 Bxc3 30. Nf5+ Nxf5 31. exf5 e4 32. fxg6 exd3 33. Bxc3 1/2-1/2

[Event "Amsterdam"]
[Site "?"]
[Date "1990.??.??"]
[Round "?"]
[White "Kortchnoi, V."]
[Black "Nunn, J."]
[Result "1-0"]
[WhiteElo "2630"]
[BlackElo "2610"]
[PlyCount "99"]
[EventDate "1990.??.??"]
[Source "ChessBase"]
[SourceDate "1990.07.01"]

1. d4 Nf6 2. c4 g6 3. Nc3 Bg7 4. e4 d6 5. Be2 O-O 6. Nf3 e5 7. O-O Nc6 8. d5 Ne7 9. Ne1 Nd7 10. Be3 f5 11. f3 f4 12. Bf2 g5 13. a4 Ng6 14. a5 Rf7 15. b4 Nf6 16. c5 Bf8 17. cxd6 Bxd6 18. Nd3 Rg7 19. Nc5 Nf8 20. Nb5 g4 21. Qe1 Qe8 22. fxg4 Nxg4 23. Ra3 Qg6 24. Bf3 Qh6 25. h3 Nxf2 26. Kxf2 Be7 27. Qc1 b6 28. Nd3 bxa5 29. Nxc7 Rb8 30. Rxa5 Qb6+ 31. Ke2 Qd4 32. d6 Bxd6 33. Ne8 Be6 34. Nxd6 Qxd6 35. Rxe5 Rc8 36. Rc5 Rd8 37. Nxf4 Rf7 38. Nd5 Ng6 39. Rd1 Bxd5 40. exd5 Qg3 41. Rc8 Rdf8 42. Rxf8+ Rxf8 43. Qc4 Ne5 44. Qe4 Qh2 45. Bg4 Ng6 46. Rf1 Nf4+ 47. Kd2 h5 48. Bxh5 Nxh5 49. Qe6+ Kg7 50. Qg4+ 1-0

[Event "Amsterdam NED"]
[Site "Amsterdam NED"]
[Date "1990.??.??"]
[Round "?"]
[White "Korchnoi, Viktor L"]
[Black "Nunn, John D M"]
[Result "1-0"]
[WhiteElo "2625"]
[BlackElo "2600"]
[PlyCount "95"]
[EventDate "1990.??.??"]
[Source "www.chesslib.no"]
[SourceDate "2004.05.04"]

1. d4 Nf6 2. c4 g6 3. Nc3 Bg7 4. e4 d6 5. Be2 O-O 6. Nf3 e5 7. O-O Nc6 8. d5 Ne7 9. Ne1 Nd7 10. Be3 f5 11. f3 f4 12. Bf2 g5 13. a4 Ng6 14. a5 Rf7 15. b4 Nf6 16. c5 Bf8 17. cxd6 Bxd6 18. Nd3 Rg7 19. Nc5 Nf8 20. Nb5 g4 21. Qe1 Qe8 22. fxg4 Nxg4 23. Ra3 Qg6 24. Bf3 Qh6 25. h3 Nxf2 26. Kxf2 Be7 27. Qc1 b6 28. Nd3 bxa5 29. Nxc7 Rb8 30. Rxa5 Qb6+ 31. Ke2 Qd4 32. d6 Bxd6 33. Ne8 Be6 34. Nxd6 Qxd6 35. Rxe5 Rc8 36. Rc5 Rd8 37. Nxf4 Rf7 38. Nd5 Ng6 39. Rd1 Bxd5 40. exd5 Qg3 41. Rc8 Rdf8 42. Rxf8+ Rxf8 43. Qc4 Ne5 44. Bg4 Ng6 45. Rf1 Nf4+ 46. Kd2 h5 47. Bxh5 Nxh5 48. Qg4+ 1-0

[Event "France"]
[Site "?"]
[Date "1993.??.??"]
[Round "?"]
[White "Shirov, A."]
[Black "Rotstein, A."]
[Result "1-0"]
[WhiteElo "2685"]
[BlackElo "2480"]
[PlyCount "93"]
[EventDate "1993.??.??"]
[Source "ChessBase"]
[SourceDate "1993.10.01"]

1. d4 Nf6 2. c4 g6 3. Nc3 Bg7 4. e4 d6 5. Be2 O-O 6. Nf3 e5 7. O-O Nc6 8. d5 Ne7 9. Ne1 Nd7 10. Nd3 f5 11. Bd2 Nf6 12. f3 f4 13. g4 h5 14. g5 Nh7 15. h4 Nxg5 16. hxg5 Nf5 17. Rf2 Qxg5+ 18. Rg2 Ng3 19. Nf2 Qe7 20. Bd3 g5 21. Ne2 h4 22. Rh2 g4 23. fxg4 Rf6 24. Nc3 Rg6 25. Qf3 Bf6 26. Bxf4 Qg7 27. Bxg3 Bxg4 28. Nxg4 Rxg4 29. Ne2 hxg3 30. Rh5 g2 31. Rh2 Kf7 32. Qf5 Rh8 33. Qe6+ Kf8 34. Rxh8+ Qxh8 35. Qxg4 Qh1+ 36. Kf2 Qxa1 37. Kxg2 Qxb2 38. Qc8+ Kf7 39. Qxc7+ Kg6 40. Qc8 Qxa2 41. c5 dxc5 42. d6 Qb3 43. Qe8+ Kg7 44. Ng3 Kh7 45. d7 Qxd3 46. Qh5+ Kg8 47. Qg6+ 1-0

[Event "Enghien"]
[Site "?"]
[Date "1997.??.??"]
[Round "?"]
[White "Korchnoi, V."]
[Black "Ivanov, M.M."]
[Result "1-0"]
[WhiteElo "2635"]
[BlackElo "2500"]
[PlyCount "79"]
[EventDate "1997.??.??"]
[Source "ChessBase"]
[SourceDate "1997.02.01"]

1. d4 Nf6 2. c4 g6 3. Nc3 Bg7 4. e4 d6 5. Be2 O-O 6. Nf3 e5 7. O-O Nc6 8. d5 Ne7 9. Ne1 Nd7 10. Be3 f5 11. f3 f4 12. Bf2 g5 13. Rc1 Ng6 14. c5 Nxc5 15. b4 Na6 16. Nb5 Bd7 17. Nxa7 h5 18. a3 g4 19. fxg4 f3 20. Bxf3 hxg4 21. Bxg4 Rxf2 22. Rxf2 Rxa7 23. Rc3 Ra8 24. Rg3 Nf4 25. Nc2 Qe7 26. Bxd7 Qxd7 27. Ne3 Rf8 28. Rg5 c6 29. Nf5 Rxf5 30. Rxf5 cxd5 31. R2xf4 exf4 32. Qxd5+ Kh7 33. Rxf4 Qe7 34. Rf7 Qh4 35. g3 Qd8 36. Qxb7 Qg5 37. Rf4 Qe5 38. Qf7 Qd4+ 39. Kg2 Qb2+ 40. Kh3 1-0

[Event "Corr"]
[Site "?"]
[Date "1998.??.??"]
[Round "?"]
[White "Kratochvil Milos"]
[Black "Hertel Peter"]
[Result "0-1"]
[WhiteElo "2505"]
[BlackElo "2625"]
[PlyCount "64"]
[EventDate "1998.??.??"]
[Source "www.chesslib.no"]
[SourceDate "2004.05.04"]

1. d4 Nf6 2. c4 g6 3. Nc3 Bg7 4. e4 d6 5. Nf3 O-O 6. Be2 e5 7. O-O Nc6 8. d5 Ne7 9. Ne1 Nd7 10. f3 f5 11. Nd3 Nf6 12. Bd2 f4 13. g4 g5 14. Be1 h5 15. h3 Ng6 16. c5 Rf7 17. cxd6 cxd6 18. Bf2 Bf8 19. Qb3 hxg4 20. fxg4 Rh7 21. Kg2 Be7 22. Rh1 Qf8 23. Rae1 Bd8 24. Bd1 Nh4+ 25. Kg1 Ba5 26. Qc2 Qd8 27. a3 Bd7 28. Rh2 Qc7 29. Nb4 Kg7 30. Kh1 Rah8 31. Qd3 Nxg4 32. hxg4 Nf3 0-1